00721 2200229 4500001002100000005001700021008004100038020001800079035002500097082001200122090001800134100002200152245011600174250001100290260002700301300003600328500003100364650004000395700002300435850001200458999002100470YOGYA-0209000005645220150429093200.0 ind  a979-731-171-6 a0010-020900000056452 a005.132 a005.132 Bud P aBUDIHARTO, Widodo aPanduan bagi programmer Net aplikasi e-commerce menggunakan visual C#. NetcWidodo Budiharto, Dodi Yogi Sukmadi aCet. 1 aYogyakartabAndic2004 aix, 313 hlm. :bilus. ;c21 cm. aBibliografi : hlm. 301-302 aVisual C#. Net (Bahasa pemrograman) aSukmadi, Dodi Yogi aYOPDYOG aCB-D.11-2004-129